000 00477cam a22001812 4500
001 0000000442
005 20151217155801.0
008 070201s xx 000 0 eng d
040 _aKABU
_cKABU
050 0 _aDT1519
_b.F57
100 1 _aFirst, Ruth.
_@0000148638
245 1 0 _aSouth West AFrica.
260 _aHarmondsworth, England :
_bPenguin,
_c1963.
300 _a269 p.
908 _a070201
950 _@1
999 _c12317
_d12317